000 01127nam a2200229Ii 4500
003 JO-AjNU
005 20240623115635.0
008 230605s9999||||xx |||||||||||||| ||und||
040 _aJO-AjNU
_bara
_erda
_cJO-AjNU
041 _aara
050 1 4 _aBP1049.2008
100 3 _aإعداد يوسف مخلد الثنيان,
_eauthor
_943753
245 0 0 _aمحددات الطلب على المشروعات الصغيرة والمتوسطة للاستثمار من المصارف الإسلامية" دراسة حالة الأردن"
264 3 1 _a 2008
300 _a161 ورقة
336 _atext
_btxt
_2rdacontent
337 _aunmediated
_bn
_2rdamedia
338 _avolume
_bnc
_2rdacarrier
500 _aرسالة جامعية (أطروحة دكتوراة)--الأكاديمية العربية للعلوم المالية والمصرفية (عمان، الأردن)، كلية العلوم المالية والمصرفية، قسم المصارف الاسلامية،يشتمل على الببلوغرافية ص( 147-155)
650 4 _aالمصارف الإسلامية -- استثمار
_943754
942 _2lcc
_cTHS
999 _c22400
_d22400